000 00946nam a2200253Ia 4500
003 OSt
005 20221005112324.0
006 a|||||r|||| 00| 0
007 ta
008 221004b |||||||| |||| 00| 0 pan d
020 _a9788178563121
_c200
024 _a117104
037 _b609, 17/02/2012, H.K. Prakashan
_cTextual
040 _aCRL
_cCRL
_bpan
041 _2pan
_apan
082 _aQ8441:21:g, 153Q1
100 _aਬ੍ਰਹਮਜਗਦੀ ਸਿੰਘ
245 0 _aਗੁਰਮਤਿ ਕਾਵਿ
_b ਇਤਿਹਾਸਕ ਵਿਚਾਰਧਾਰਕ ਪਰਿਪੇਖ
260 _aਅੰਮ੍ਰਿਤਸਰ
_bਵਾਰਿਸ ਾਹ ਖ਼਼ਾਉ੍ਵਡੇਨ ਭਾਰਤ
_c2011
300 _a144ਪੰ
_ccm.
650 _aਧOਰੁ Fਸੱਢ
942 _hQ8441:21:g, 153Q1
_cTEXL
_2cc
999 _c1024546
_d1024546